〈ポケモン〉ロケット団の登場セリフ - Statistics

General Stats
  • This quiz has been taken 134 times
  • The average score is 21 of 31
Answer Stats
セリフ % Correct
ムサシ ムサシ!
90%
コジロウ コジロウ!
90%
ソーナンス ソーーナンス!
89%
コジロウ 答えて
85%
コジロウ 世の情け
84%
ムサシ なんだ
80%
コジロウ あげるが
78%
ムサシ かんだと
73%
コジロウ ラブリー・
71%
ムサシ 聞かれたら
69%
コジロウ 敵(カタキ)役
69%
ムサシ 世界の
68%
コジロウ 世界の
68%
コジロウ 守るため
68%
コジロウ 待ってるゼ
67%
コジロウ 平和を
66%
ムサシ 愛と
65%
ムサシ 悪を
65%
コジロウ チャーミーな
65%
コジロウ 明日が
64%
ムサシ 貫く
63%
コジロウ 白い
62%
ムサシ 二人には
60%
ムサシ ロケット団の
58%
コジロウ ホワイト・ホール。
55%
ムサシ 銀河を
52%
ニャース ニャーんてニャ
50%
ムサシ 真実の
49%
ムサシ 駆ける
49%
ムサシ 防ぐため
44%
ムサシ 破壊を
41%
No matching quizzes found
Score Distribution
Percent of People with Each Score
Percentile by Number Answered
Your Score History
You have not taken this quiz